| 000 | 00805nam a2200229Ii 4500 | ||
|---|---|---|---|
| 003 | JO-AjNU | ||
| 008 | 230605s9999||||xx |||||||||||||| ||und|| | ||
| 017 | _a2007/1/144 | ||
| 020 | _a978-9957-11-696-5 | ||
| 040 |
_aJO-AjNU _bara _erda _cJO-AjNU |
||
| 041 | _aara | ||
| 050 | 1 | 4 | _aLB1028.43.A26 2007 |
| 100 | 3 |
_aعبود،حارث مؤلف/البياتي،عبد الجبار توفيق مقدم, _eauthor _927449 |
|
| 245 | 0 | 0 | _aالحاسوب في التعليم |
| 250 | _aط1 | ||
| 264 | 3 | 1 | _aعمان:دار وائل،2007 |
| 300 | _a320ص | ||
| 336 |
_atext _btxt _2rdacontent |
||
| 337 |
_aunmediated _bn _2rdamedia |
||
| 338 |
_avolume _bnc _2rdacarrier |
||
| 650 | 4 |
_aحاسبات الكترونية في التعليم-حاسوب تعليمي. تكنولوجيا التعليم. _927450 |
|
| 999 |
_aA10529 _c14097 _d14097 |
||